40 Najdłuższych rzek świata - Statystyki

Ogólne statystyki
  • Ten quiz został rozwiązany 73 razy
  • Średni wynik to 18 z 40
Statystyki odpowiedzi
Długość w km Ujście Rzeka % Poprawnych
6600 km Ocean Atlantycki Amazonka
97%
6650 km Morze Śródziemne Nil
92%
2860 km Morze Czarne Dunaj
85%
6300 km Morze Wschodniochińskie Jangcy
85%
3530 km Morze Kaspijskie Wołga
85%
6275 km Zatoka Meksykańska Missisipi-Missouri
82%
2285 km Morze Czarne Dniepr
69%
2781 km Zatoka Perska Eufrat
69%
1900 km Zatoka Perska Tygrys
69%
2510 km Zatoka Bengalska Ganges
66%
4700 km Ocean Atlantycki Kongo
66%
5464 km Zatoka Pohaj Huang He
61%
4400 km Morze Łaptiewów Lena
61%
4440 km Morze Ochockie Amur
54%
4160 km Zatoka Gwinejska Niger
54%
3180 km Morze Arabskie Indus
49%
4102 km Morze Karskie Jenisej
49%
4500 km Morze Południowochińskie Mekong
48%
2160 km Ocean Atlantycki Orinoko
46%
2940 km Zatoka Bengalska Brahmaputra
43%
1950 km Morze Azowskie Don
43%
4380 km La Plata Parana
43%
5410 km Zatoka Obska Ob-Irtysz
41%
2699 km Kanał Mozambicki Zambezi
41%
2620 km Jezioro Aralskie Amu-Daria
38%
3034 km Zatoka Meksykańska Rio Grande
38%
3019 km Jezioro Aralskie Syr-daria
31%
2428 km Morze Kaspijskie Ural
28%
3184 km Morze Beringa Jukon
25%
4240 km Morze Beauforta Mackenzie
25%
2513 km Morze Wschodniosyberyjskie Kołyma
16%
3490 km Ocean Indyjski Murray
16%
1860 km Ocean Atlantycki Oranje
16%
2170 km Morze Andamańskie Irawadi
15%
2000 km Ocean Spokojny Kolumbia
11%
2900 km Ocean Atlantycki São Francisco
11%
1809 km Morze Barentsa Peczora
8%
3060 km Morze Andamańskie Saluin
7%
2292 km Morze Łaptiewów Oleniok
2%
2129 km Morze Południowochińskie Xi Jiang
2%
Nie znaleziono quizów pasujących do podanych kryteriów
Rozkład punktacji
Procent ludzi z każdym wynikiem
Percentyl według liczby udzielonych odpowiedzi
Twoja historia wyników
Nie rozwiązałeś tego quizu